000 00500pam a2200169 i 4500
020 _a0070463476
082 0 0 _a624.164
_bNEW
_cL-20, P-107
100 1 _aNewman, Morton.
_942664
245 1 0 _aStandard cantilever retaining walls /
_cMorton Newman.
260 _aNew York :
_bMcGraw-Hill,
_cc1976.
300 _axxi, 648 p. :
_bill. ;
_c29 cm.
500 _aIncludes index.
526 _a0
_b0
_c0
_d624_164000000000000_NEW
650 0 _aMCE
_9379
650 0 _aRetaining walls.
_921594
942 _2ddc
_cBK
999 _c546512
_d546512